00480nam a2200193 a 4500001001300000003000900013005001700022008004100039020001000080082001300090100002100103245002700124260003400151300000900185500003500194505001300229650002300242700002100265nice12345678IN_TiNIC20260116012344.0050524s1953 hyda grp 000 0 eng  ac10000a297bBUR aBurney, Md Elias aIslam Message of Quran aHyderabadbBaitus Salamc1953 a260p aincludes index and biblioraphy2 aAppendix aIslam-Meccan Trade1 aBurney, Md Elias